[Event "Recife Cacoal op"]
[Site "Recife"]
[Date "2024.05.31"]
[Round "1"]
[White "Pagung, Renan"]
[Black "Bandeira, Ricardo Cesar Dos S"]
[Result "0-1"]
[WhiteElo "1800"]
[BlackElo "1485"]
[PlyCount "120"]
[EventDate "2024.05.31"]
[EventType "swiss"]
[EventRounds "6"]
[EventCountry "BRA"]
[SourceTitle "CBM 220 Extra"]
[Source "ChessBase"]
[SourceDate "2024.07.31"]
[SourceVersion "1"]
[SourceVersionDate "2024.07.31"]
[SourceQuality "1"]

1. e4 e5 2. Nf3 Nc6 3. Bb5 d6 4. 0-0 Nf6 5. Re1 Be7 6. c3 0-0 7. d4 exd4 8. cxd4 Bg4 9. Be3 Nxe4 10. Nc3 Nxc3 11. bxc3 Bd7 12. d5 Ne5 13. Nxe5 Bxb5 14. Qb3 Ba6 15. Nf3 b6 16. a4 Bb7 17. Nd4 Bf6 18. a5 Bxd4 19. Bxd4 Ba6 20. c4 Qd7 21. Qc3 f6 22. Re3 c5 23. dxc6 Qxc6 24. Rg3 Kh8 25. Re1 Qxc4 26. Qxc4 Bxc4 27. axb6 axb6 28. Rc3 b5 29. g4 Rfe8 30. Rxe8+ Rxe8 31. f4 d5 32. Kf2 Re2+ 33. Kg3 b4 34. Re3 Rxe3+ 35. Bxe3 Kg8 36. f5 Kf7 37. h4 h6 38. h5 b3 39. Bd4 Ke7 40. Kf4 Kd6 41. Ke3 Kc6 42. Kd2 Bf1 43. Kc3 Bh3 44. g5 hxg5 45. h6 gxh6 46. Bxf6 Bxf5 47. Kxb3 g4 48. Bh4 d4 49. Kb2 Kd5 50. Kc1 Ke4 51. Kd2 Kf3 52. Ke1 g3 53. Kf1 d3 54. Ke1 g2 55. Kd1 g1Q+ 56. Be1 Ke3 57. Kc1 Qxe1+ 58. Kb2 Qb4+ 59. Ka1 Qa3+ 60. Kb1 d2# 0-1